[Event "World Amateur-ch U2000"]
[Site "Cagliari"]
[Date "2018.04.29"]
[Round "9"]
[White "Moran, Darragh"]
[Black "Nessi, Davide"]
[Result "1/2-1/2"]
[WhiteElo "1743"]
[BlackElo "1705"]
[PlyCount "47"]
[EventDate "2018.04.22"]
[EventType "swiss"]
[EventRounds "9"]
[EventCountry "ITA"]
[SourceTitle "CBM 184 Extra"]
[Source "ChessBase"]
[SourceDate "2018.06.28"]
[SourceVersion "1"]
[SourceVersionDate "2018.06.28"]
[SourceQuality "1"]

1. e4 e5 2. Nc3 Nc6 3. g3 Nf6 4. Bg2 Bc5 5. d3 h6 6. Nge2 d6 7. Na4 Be6 8. Nxc5 dxc5 9. 0-0 c4 10. Be3 cxd3 11. Qxd3 Qxd3 12. cxd3 0-0 13. Rfd1 Rfd8 14. b3 Rd7 15. Rd2 Rad8 16. Rad1 Nb4 17. d4 exd4 18. Nxd4 Bg4 19. f3 Nxe4 20. fxg4 Nxd2 21. Rxd2 c5 22. Nf3 b6 23. a3 Rxd2 24. Bxd2 1/2-1/2

[Event "World Amateur-ch U2000"]
[Site "Cagliari"]
[Date "2018.04.25"]
[Round "5"]
[White "Al Maashani, Abdullah"]
[Black "Nessi, Davide"]
[Result "1-0"]
[WhiteElo "1846"]
[BlackElo "1705"]
[PlyCount "103"]
[EventDate "2018.04.22"]
[EventType "swiss"]
[EventRounds "9"]
[EventCountry "ITA"]
[SourceTitle "CBM 184 Extra"]
[Source "ChessBase"]
[SourceDate "2018.06.28"]
[SourceVersion "1"]
[SourceVersionDate "2018.06.28"]
[SourceQuality "1"]

1. e4 e5 2. Nf3 Nc6 3. Bb5 f5 4. d4 fxe4 5. Nxe5 Nxe5 6. dxe5 c6 7. Ba4 Qa5+ 8. Nc3 Qxe5 9. 0-0 Nf6 10. f3 Bc5+ 11. Kh1 d5 12. fxe4 Ng4 13. Bf4 Qh5 14. Qxd5 Qxd5 15. exd5 Nf2+ 16. Rxf2 Bxf2 17. Ne4 0-0 18. Bd6 cxd5 19. Bb3 Be6 20. Ng5 Rfd8 21. Bc7 Bg4 22. Bxd8 Rxd8 23. Ne4 Bb6 24. Nc3 Kh8 25. Nxd5 Be6 26. Nxb6 Bxb3 27. axb3 axb6 28. h3 h6 29. Ra7 Rd2 30. Rxb7 Rxc2 31. Rxb6 Rxb2 32. Kh2 Kg8 33. Kg3 Kf7 34. b4 Kg8 35. b5 Kf7 36. Rb8 Kg6 37. b6 Kh7 38. b7 Kg6 39. Kf3 Rb3+ 40. Kf4 Rb1 41. Ke5 Re1+ 42. Kd4 Rb1 43. Ke5 Re1+ 44. Kd6 Rd1+ 45. Ke7 Re1+ 46. Kf8 Rf1+ 47. Kg8 Rb1 48. g4 h5 49. gxh5+ Kxh5 50. Kxg7 Rg1+ 51. Kf6 Rf1+ 52. Ke5 1-0

[Event "World Amateur-ch U2000"]
[Site "Cagliari"]
[Date "2018.04.24"]
[Round "4"]
[White "Nessi, Davide"]
[Black "Mallo, Danilo"]
[Result "1-0"]
[WhiteElo "1705"]
[BlackElo "1858"]
[PlyCount "99"]
[EventDate "2018.04.22"]
[EventType "swiss"]
[EventRounds "9"]
[EventCountry "ITA"]
[SourceTitle "CBM 184 Extra"]
[Source "ChessBase"]
[SourceDate "2018.06.28"]
[SourceVersion "1"]
[SourceVersionDate "2018.06.28"]
[SourceQuality "1"]

1. e4 c6 2. Nc3 d5 3. Nf3 Bg4 4. h3 Bh5 5. exd5 cxd5 6. Bb5+ Nc6 7. g4 Bg6 8. Ne5 Qc7 9. d4 e6 10. Bf4 Bd6 11. Nxg6 hxg6 12. Bxd6 Qxd6 13. Qf3 Nh6 14. 0-0-0 a6 15. Ba4 g5 16. Rhe1 0-0-0 17. Bxc6 Qxc6 18. Qe3 Ng8 19. Qxg5 Rxh3 20. Re3 Rh7 21. f4 Nf6 22. f5 b5 23. fxe6 fxe6 24. Rde1 Re8 25. Qg6 Rh2 26. R3e2 Rxe2 27. Rxe2 Re7 28. g5 Ne8 29. Re5 Nc7 30. Ne2 b4 31. Re3 Nb5 32. Kb1 Nd6 33. Rxe6 Qd7 34. Nf4 Qb5 35. Nd3 Rf7 36. Re1 Qb6 37. Qe6+ Kb8 38. Qxd5 Rf5 39. Qg8+ Nc8 40. Qxg7 Qd6 41. Nc5 Qe7 42. Nxa6+ Ka8 43. Qxe7 Nxe7 44. Nxb4 Rxg5 45. c3 Nf5 46. Kc2 Kb7 47. Kb3 Rg6 48. d5 Kc7 49. a4 Rg3 50. Kc4 1-0

[Event "World Amateur-ch U2000"]
[Site "Cagliari"]
[Date "2018.04.22"]
[Round "1"]
[White "Dai Campi, Danilo"]
[Black "Nessi, Davide"]
[Result "1/2-1/2"]
[WhiteElo "1865"]
[BlackElo "1705"]
[PlyCount "118"]
[EventDate "2018.04.22"]
[EventType "swiss"]
[EventRounds "9"]
[EventCountry "ITA"]
[SourceTitle "CBM 184 Extra"]
[Source "ChessBase"]
[SourceDate "2018.06.28"]
[SourceVersion "1"]
[SourceVersionDate "2018.06.28"]
[SourceQuality "1"]

1. e4 e5 2. Nf3 Nc6 3. d3 Nf6 4. g3 d6 5. Bg2 Be7 6. Nbd2 h6 7. c3 Bg4 8. h3 Bh5 9. Qb3 Rb8 10. g4 Bg6 11. Nh4 Bh7 12. Nf5 Bxf5 13. gxf5 0-0 14. Bf3 Na5 15. Qa4 b6 16. b4 Nb7 17. Qb3 a5 18. a3 Qd7 19. c4 c6 20. Nf1 d5 21. Ne3 dxe4 22. dxe4 Rfd8 23. Qc3 Bd6 24. Bb2 Ra8 25. Rd1 axb4 26. axb4 Qe7 27. Nc2 Bc7 28. 0-0 Nd6 29. Qxe5 Qf8 30. Qf4 Nxc4 31. Qxc7 Nxb2 32. Rxd8 Qxd8 33. Qe5 Nc4 34. Qc3 Nd2 35. Rd1 Nxf3+ 36. Qxf3 Qe7 37. e5 Qxe5 38. Qxc6 Qe4 39. Rd6 Qxc6 40. Rxc6 Nd5 41. Rd6 Rc8 42. Rxd5 Rxc2 43. Rd6 Kf8 44. Rxb6 Ke7 45. Rb7+ Kf6 46. Rb5 Rb2 47. Kg2 Rb3 48. f3 Rb1 49. Kg3 Rg1+ 50. Kf4 Rh1 51. Rb6+ Ke7 52. Kg3 Rg1+ 53. Kf2 Rh1 54. Kg2 Rb1 55. Rb7+ Kf6 56. b5 Rb2+ 57. Kg3 Rb1 58. Kg4 Rb4+ 59. Kg3 Rb1 1/2-1/2

[Event "Cagliari Alfa Lum op-A 2nd"]
[Site "Cagliari"]
[Date "2010.09.05"]
[Round "5"]
[White "Nessi, Davide"]
[Black "Carucci, Bruno"]
[Result "1-0"]
[WhiteElo "1785"]
[BlackElo "1576"]
[PlyCount "87"]
[EventDate "2010.09.03"]
[EventType "swiss"]
[EventRounds "6"]
[EventCountry "ITA"]
[SourceTitle "EXT 2024"]
[Source "ChessBase"]
[SourceDate "2023.10.10"]
[SourceVersion "1"]
[SourceVersionDate "2023.10.10"]
[SourceQuality "1"]

1. e4 Nf6 2. e5 Nd5 3. d4 d6 4. Nf3 Bg4 5. Be2 dxe5 6. dxe5 e6 7. 0-0 Be7 8. h3 Bh5 9. Nbd2 0-0 10. Ne4 a6 11. Neg5 Nc6 12. g4 Bg6 13. Bd3 Bxd3 14. Qxd3 g6 15. a3 Nb6 16. Qe2 Qd5 17. Rd1 Qc5 18. Be3 Qb5 19. Qxb5 axb5 20. Bxb6 cxb6 21. Ne4 b4 22. Rd7 bxa3 23. bxa3 Bxa3 24. Rxb7 Bc5 25. Rxa8 Rxa8 26. Nd6 Ra7 27. Rxa7 Nxa7 28. Ng5 Bxd6 29. exd6 Kf8 30. Nxh7+ Ke8 31. Ng5 Nc6 32. Kf1 Nd8 33. Ke2 Kf8 34. Kd3 Kg7 35. Kc4 Kf6 36. h4 Nc6 37. Kb5 Ne5 38. Kxb6 Nd7+ 39. Kc7 Nc5 40. d7 Na6+ 41. Kc8 Ke5 42. Nxf7+ Kf4 43. d8Q Nc5 44. Qd6+ 1-0

[Event "Cagliari Alfa Lum op-A 2nd"]
[Site "Cagliari"]
[Date "2010.09.03"]
[Round "1"]
[White "Nessi, Davide"]
[Black "Porru, Giambattista"]
[Result "1-0"]
[WhiteElo "1785"]
[BlackElo "1518"]
[PlyCount "48"]
[EventDate "2010.09.03"]
[EventType "swiss"]
[EventRounds "6"]
[EventCountry "ITA"]
[SourceTitle "EXT 2024"]
[Source "ChessBase"]
[SourceDate "2023.10.10"]
[SourceVersion "1"]
[SourceVersionDate "2023.10.10"]
[SourceQuality "1"]

1. e4 e5 2. f4 d6 3. Bc4 Nh6 4. Nf3 Bg4 5. 0-0 Be7 6. d4 Nc6 7. fxe5 g5 8. exd6 Qxd6 9. c3 f6 10. Be3 0-0-0 11. Nbd2 Kb8 12. Qa4 Bd7 13. Qc2 Ng4 14. Bf2 Be8 15. b4 a6 16. a4 a5 17. b5 Na7 18. Ba2 Bg6 19. Nc4 Qd7 20. Nxa5 b6 21. Nc4 f5 22. Nfe5 Qe6 23. Nxg4 fxg4 24. Ne5 Bd6 1-0